|
|
|
|
| LEADER |
00745nam a2200193 a 4500 |
| 008 |
091020s2006 ii a 001 0 eng d |
| 082 |
0 |
0 |
|a 346.5403
|2 22
|
| 100 |
1 |
|
|a Jhabvala, Noshirvan H.
|
| 245 |
1 |
4 |
|a The law of torts : including statutory torts /
|c Noshirvan H. Jhabvala.
|
| 250 |
|
|
|a 26th ed.
|
| 260 |
|
|
|a Mumbai, India :
|b C. Jamnadas & Co.,
|c 2006.
|
| 300 |
|
|
|a x, 254 p. :
|b ill. ;
|c 24 cm.
|
| 504 |
|
|
|a Includes index.
|
| 541 |
1 |
|
|e 00015211
|
| 650 |
|
0 |
|a Torts
|z India.
|
| 650 |
|
0 |
|a Torts.
|
| 852 |
4 |
|
|a Ayesha Abed Library
|j General shelf
|
| 999 |
|
|
|c 4879
|d 4879
|
| 952 |
|
|
|0 0
|1 0
|2 ddc
|4 0
|6 346_540300000000000_JHA_2006
|7 0
|9 4701
|a BRACUL
|b BRACUL
|c GEN
|d 2009-10-27
|g 306.00
|l 26
|m 113
|o 346.5403 JHA
|p 3010015211
|r 2025-03-13
|s 2025-03-06
|t 1
|v 612.00
|w 2009-10-27
|y BK
|